| 000 | 00526cam a2200205ua 4500 | ||
|---|---|---|---|
| 001 | 7487 | ||
| 005 | 20260515114222.0 | ||
| 008 | 141211n ii |||gr||||Z||||||ben | ||
| 040 | _cMAIN | ||
| 041 | _aben | ||
| 082 | _a294.5 | ||
| 100 |
_aSwami, B., _eTranslator. |
||
| 245 |
_aSri Chaitanya-caritamrita : _bAntyaleela / _cTranslated by Bhakticharu Swami . |
||
| 250 | _a4th. | ||
| 260 |
_aCalcutta: _bBhaktibedanta, _c1993. |
||
| 300 | _a568p. | ||
| 653 | _aReligions ofIndic origin | ||
| 653 | _aHinduism | ||
| 942 | _cBK | ||
| 999 |
_c6605 _d6605 |
||